| 000 | 00352nam a22001337a 4500 | ||
|---|---|---|---|
| 999 |
_c8078 _d8078 |
||
| 003 | OSt | ||
| 005 | 20200706114134.0 | ||
| 008 | 200706b ||||| |||| 00| 0 eng d | ||
| 020 | _a9787535652874 | ||
| 082 | _a720.951 | ||
| 245 | _aA Broad view of modern architecture III | ||
| 260 |
_aHK _bTang Art Design &Information Group Limited, _c 2012 |
||
| 942 | _2ddc | ||